00567nam a2200193 a 4500001001300000003000900013005001700022008004100039020001000080082001300090100002500103245006400128260003200192300000900224500003500233505006700268650001300335700002500348nice12345678IN_TiNIC20260116015222.0050524s1963 newa grp 000 0 eng  ac10000a200bLAN aLanternari, Vittorio aReligions of the Oppressed, Study of Modern Messianic Cults aNew YorkbMentor Bookc1963 a286p aincludes index and biblioraphy2 aPapers Presented at the Broumana Consultation, 12-18 July 1972 aReligion1 aLanternari, Vittorio